Continuum mechanics

Saved in:
Bibliographic Details
Main Author: Frederick, Daniel, 1925-
Other Authors: Chang, Tien Sun, 1931- (joint author.)
Format: Book
Language:English
Published: Boston, Allyn and Bacon, 1965.
Series:Allyn and Bacon series in mechanical engineering and applied mechanics
Subjects:
LEADER 01087nam a22002891 4500
001 c000003862
003 CARM
005 00000000000000.0
008 s1965 mau b 00010 eng
019 1 |a 3187876  |5 LACONCORD2021 
035 |a (OCoLC)529774  |5 LACONCORD2021 
040 |a DLC/ICU  |c ICU 
050 0 0 |a QA807  |b .F73 1965 
100 1 |a Frederick, Daniel,  |d 1925- 
245 1 0 |a Continuum mechanics  |c [by] Daniel Frederick [and] Tien Sun Chang. 
260 |a Boston,  |b Allyn and Bacon,  |c 1965. 
300 |a xi, 218 p.  |c 24 cm. 
440 0 |a Allyn and Bacon series in mechanical engineering and applied mechanics 
500 |a Publishers vary. 1972 reprint. 
504 |a Bibliography: p. 213-214. 
650 0 |a Continuum mechanics. 
650 0 |a Calculus of tensors. 
700 1 |a Chang, Tien Sun,  |d 1931-  |e joint author. 
852 8 |b CARM  |h A2:AE34A0  |i B00675  |p 0033653  |f BK 
082 0 4 |a 531.017 
999 f f |i 2f6ef18c-d8a3-5ddd-b603-82ac9a529169  |s 76b22381-11ca-5d96-a0bf-c03e31bac87b 
952 f f |p Can circulate  |a CAVAL  |b CAVAL  |c CAVAL  |d CARM 1 Store  |e B00675  |f A2:AE34A0  |h Other scheme  |i book  |m 0033653